[Event "Bucharest ROM GP"]
[Site "Bucharest"]
[Date "2025.05.11"]
[Round "5"]
[White "Danila, Stefan"]
[Black "Baratosi, Daniel"]
[Result "0-1"]
[WhiteElo "2008"]
[BlackElo "2304"]
[PlyCount "76"]
[EventDate "2025.05.10"]
[EventType "swiss"]
[EventRounds "10"]
[EventCountry "ROU"]
[SourceTitle "CB20_2025"]
[SourceDate "2025.05.14"]
[SourceVersion "1"]
[SourceVersionDate "2025.05.14"]
[SourceQuality "1"]

1. e4 c5 2. Nf3 d6 3. d4 cxd4 4. Nxd4 Nf6 5. Nc3 g6 6. Be3 Bg7 7. f3 Nc6 8. Qd2 0-0 9. 0-0-0 d5 10. Nxc6 bxc6 11. exd5 Nxd5 12. Nxd5 cxd5 13. Qxd5 Qc7 14. Qxa8 Bf5 15. Qxf8+ Kxf8 16. Rd2 Qb8 17. c4 h5 18. g3 Kg8 19. Bd4 Bxd4 20. Rxd4 Qe5 21. Rd8+ Kg7 22. Bd3 Qa5 23. Rd4 e5 24. Rd5 Qxa2 25. Rd1 Bxd3 26. R5xd3 Qxc4+ 27. Kb1 h4 28. gxh4 Qxh4 29. R1d2 Kh6 30. Re2 Qc4 31. Rde3 f6 32. b3 Qb5 33. Kc2 Kg5 34. Re4 Kf5 35. R2e3 Qf1 36. Ra4 Qf2+ 37. Kd3 Qb2 38. Rxa7 Qd4+ 0-1

[Event "ROM-ch U14"]
[Site "Calimanesti Caciulata"]
[Date "2019.04.22"]
[Round "9"]
[White "Gligor, Horia Teodor"]
[Black "Danila, Stefan"]
[Result "0-1"]
[WhiteElo "1289"]
[BlackElo "1794"]
[PlyCount "74"]
[EventDate "2019.04.15"]
[EventType "swiss"]
[EventRounds "9"]
[EventCountry "ROU"]
[SourceTitle "EXT 2020"]
[Source "ChessBase"]
[SourceDate "2019.10.17"]
[SourceVersion "1"]
[SourceVersionDate "2019.10.17"]
[SourceQuality "1"]

1. e4 c5 2. Nc3 g6 3. f4 Bg7 4. Nf3 Nc6 5. Bb5 Nd4 6. 0-0 e6 7. Nxd4 Bxd4+ 8. Kh1 Ne7 9. Qe1 0-0 10. Ne2 Bg7 11. Ng1 d5 12. Qe3 a6 13. Be2 Qc7 14. d3 b5 15. Nf3 Bb7 16. Rb1 dxe4 17. dxe4 Qc6 18. Nd2 Nf5 19. Qh3 Nd4 20. Bd1 Qc7 21. b3 Rad8 22. Rf2 Qa5 23. a3 Rd7 24. Qe3 Rfd8 25. h3 Nxc2 26. Bxc2 Bd4 27. Qf3 Bxf2 28. b4 cxb4 29. axb4 Qb6 30. Nb3 Rc8 31. Rb2 Bd4 32. Nxd4 Qxd4 33. Ra2 Bxe4 34. Bxe4 Rxc1+ 35. Kh2 Re1 36. Bc2 Qg1+ 37. Kg3 Re3 0-1

[Event "ROM-ch U14"]
[Site "Calimanesti"]
[Date "2018.04.02"]
[Round "8"]
[White "Danila, Stefan"]
[Black "Bordei, Rares Gabriel"]
[Result "1/2-1/2"]
[WhiteElo "1613"]
[BlackElo "1377"]
[PlyCount "74"]
[EventDate "2018.03.27"]
[EventType "swiss"]
[EventRounds "9"]
[EventCountry "ROU"]
[SourceTitle "CBM 183 Extra"]
[Source "ChessBase"]
[SourceDate "2018.04.19"]
[SourceVersion "1"]
[SourceVersionDate "2018.04.19"]
[SourceQuality "1"]

1. e4 d5 2. Nf3 dxe4 3. Ng5 e5 4. Nxe4 Bf5 5. Nbc3 Nd7 6. d3 Ngf6 7. Bg5 Be7 8. Ng3 Bg6 9. Be2 0-0 10. 0-0 h6 11. Be3 Bc5 12. Bf3 c6 13. Nge4 Nxe4 14. Nxe4 Bxe3 15. fxe3 Qb6 16. Qc1 Nc5 17. Nc3 Ne6 18. Kh1 Rad8 19. Rb1 Rfe8 20. Be4 Bxe4 21. Nxe4 Nc5 22. Ng3 Qc7 23. Qe1 Kh7 24. e4 f6 25. Qf2 b6 26. Nf5 Qf7 27. a3 Ne6 28. Qd2 Ng5 29. Qc3 Qd7 30. Ra1 Ne6 31. a4 c5 32. Ne3 Qd4 33. Nd5 Rc8 34. Qb3 c4 35. Qb5 cxd3 36. cxd3 Qc5 37. Qxc5 Nxc5 1/2-1/2